000 00582nam a2200217Ia 4500
001 1485
003 GE_BSU
008 181216s||||||||xx |||||||||||||| ||und||
040 _cGE_BSU
080 _a630(075.8)
100 _aАнучин,Н.П.
245 _aЛесная таксация
245 _bУч-к для студ. высш. учебн. завед.
260 _aМосква
260 _bЛесная промышленность
260 _c1971
300 _a512стр. 20см.
541 _h15л.
653 _aЛесная таксация
942 _cBK
999 _c35619
_d35619